Hispania - Statistics

General Stats
  • This quiz has been taken 5 times
  • The average score is 10 of 18
Answer Stats
Letters Answer % Correct
Ar Argentina
80%
Me Mexico
80%
Ur Uruguay
80%
Ve Venezuela
80%
Be Belize
60%
Bo Bolivia
60%
Ch Chile
60%
Co Colombia
60%
Ec Ecuador
60%
El El Salvador
60%
Ho Honduras
60%
Ni Nicaragua
60%
Pa Panama
60%
Co Costa Rica
40%
Pe Peru
40%
Tr Trinidad & Tobago
40%
Cu Cuba
20%
Gu Guatamala
0%
No matching quizzes found
Score Distribution
Percent of People with Each Score
Percentile by Number Answered
Your Score History
You have not taken this quiz